| 000 | 00329nam a22001457a 4500 | ||
|---|---|---|---|
| 999 |
_c528255 _d528255 |
||
| 003 | NUST | ||
| 005 | 20190904113034.0 | ||
| 038 | _amsohail | ||
| 082 |
_a363 _bMOD |
||
| 100 |
_aAshoka Mody _919964 |
||
| 245 | _aInfrastructure delivery private | ||
| 260 |
_aUSA _bThe Worldbank _c1996 |
||
| 300 |
_a227; P _c25cm |
||
| 942 |
_2ddc _cBK |
||